| 000 | 01074nam0a22002891 4500 | ||
|---|---|---|---|
| 001 | rc\4249670 | ||
| 005 | 20250612030301.0 | ||
| 021 |
_aRU _b[57-27704] |
||
| 035 | _a(NLR Aleph) 008475485 | ||
| 090 |
_a7956864 _c7956864 |
||
| 100 | _a20130416d1957 |||y0rusy50 ca | ||
| 101 | 0 | _arus | |
| 102 | _aRU | ||
| 105 | _aa z ||||| | ||
| 200 | 1 |
_aГазеты и журналы - в массы _eИз опыта распространения периодич. печати в Башкир. АССР _fСост. М.А. Балдина, Е.К. Топольникова, Д.М. Чайко |
|
| 210 |
_a[Уфа] _cБашкир. обл. отд. Союзпечати _d1957 |
||
| 215 |
_a28 с. _cил. _d20 |
||
| 300 | _aНа обл. сост. не указаны | ||
| 606 |
_aПечать _xРаспространение _2psbo |
||
| 700 | 1 |
_aБалдина _bМ.А. _4220 |
|
| 701 | 1 |
_aТопольникова _bЕ.К. _4220 |
|
| 701 | 1 |
_aЧайко _bД.М. _4220 |
|
| 801 | 0 |
_aRU _bNLR _gpsbo |
|
| 801 | 1 |
_aRU _bELAR _2rusmarc |
|
| 852 |
_aNLR _j57-4/7263 |
||
| 942 | _cBOOK | ||
| 980 | _aNB | ||